Jamal Ul Amsaal (Record no. 17261)
[ view plain ]
| 000 -LEADER | |
|---|---|
| fixed length control field | 00256nam a22001097a 4500 |
| 008 - FIXED-LENGTH DATA ELEMENTS--GENERAL INFORMATION | |
| fixed length control field | 150604t xxu||||| |||| 00| 0 eng d |
| 020 ## - INTERNATIONAL STANDARD BOOK NUMBER | |
| International Standard Book Number | 978-969-8535-17-9 |
| 100 ## - MAIN ENTRY--PERSONAL NAME | |
| Personal name | Khaleeq Ahmad Sidiqi |
| 9 (RLIN) | 990 |
| 245 ## - TITLE STATEMENT | |
| Title | Jamal Ul Amsaal |
| 300 4# - PHYSICAL DESCRIPTION | |
| Extent | 444 |
| 942 ## - ADDED ENTRY ELEMENTS (KOHA) | |
| Source of classification or shelving scheme | |
| Koha item type | Book |
| Withdrawn status | Lost status | Source of classification or shelving scheme | Damaged status | Not for loan | Collection code | Permanent Location | Current Location | Date acquired | Total Checkouts | Full call number | Barcode | Date last seen | Price effective from | Koha item type |
|---|---|---|---|---|---|---|---|---|---|---|---|---|---|---|
| Atta-ur-Rahman School of Applied Biosciences (ASAB) | Atta-ur-Rahman School of Applied Biosciences (ASAB) | 08/12/2015 | 398.9 AHM | ASAB3247 | 05/02/2017 | 08/12/2015 | Book | |||||||
| Atta-ur-Rahman School of Applied Biosciences (ASAB) | Atta-ur-Rahman School of Applied Biosciences (ASAB) | 06/04/2015 | 398.9 AHM | ASAB3245 | 02/21/2017 | 06/04/2015 | Book |
